Science Quiz

Random Science or Animal Quiz

Wild Cats Slideshow Quiz Stats

 Plays Quiz Updated Jul 29, 2019

Score 0/12 Timer 04:00
2 Plays Today
% Correct
Bengal Tiger
96.8%
Lion
96.3%
Cheetah
87.1%
African Leopard
86.7%
Cougar
84.1%
Jaguar
80.6%
Eurasian Lynx
72.5%
Snow Leopard
69.9%
Bobcat
56.4%
Ocelot
50.8%
Serval
23.4%
Clouded Leopard
12.6%

You're not logged in!

Compare scores with friends on all Sporcle quizzes.
OR
Log In

Sporcle TV

Today on Sporcle TV


Watch our educational content, quiz creation guides, and fun videos on Sporcle TV.

Show Comments

Extras

Top Quizzes Today


Score Distribution

Your Account Isn't Verified!

In order to create a playlist on Sporcle, you need to verify the email address you used during registration. Go to your Sporcle Settings to finish the process.

Report this User

Report this user for behavior that violates our Community Guidelines.

Details: